Bandeiras de Países com a Maior Quantidade de Preto - Statistics

Estatísticas Gerais
  • Esse quiz foi jogado 12 467 vezes
    11 768 desde o último reset
  • A pontuação média é 12 de 14
Estatísticas das Respostas
Imagem Hint Resposta % Correto
33.3% Alemanha
99%
33.3% Bélgica
98%
33.1% Jamaica
98%
47.2% Angola
96%
33.3% Egito
96%
33.3% Iraque
90%
33.3% Síria
87%
33.3% Estônia
85%
30.2% Quênia
83%
31.3% Uganda
81%
48.1% Papua Nova Guiné
79%
33.3% Iémen
71%
48.9% Líbia
71%
29.8% Tanzânia
66%
Nenhum quiz correspondente encontrado
Distribuição das Pontuações
Porcentagem de Pessoas com Cada Pontuação
Percentil de Números Respondidos
Sua Pontuação Histórica
Você não jogou esse quiz desde o último reset